Premier League Appearances by Nationality: Bosnia and Herzegovina - Statistics

General Stats
  • This quiz has been taken 11 times
  • The average score is 3 of 5
Answer Stats
Appearances Player % Correct
130 Edin Dzeko
100%
80 Sead Kolasinac
70%
256 Asmir Begovic
60%
46 Muhamed Besic
30%
31 Anel Ahmedhodzic
20%
No matching quizzes found
Score Distribution
Percent of People with Each Score
Percentile by Number Answered
Your Score History
You have not taken this quiz